|
|
|
|
| LEADER |
01053nam a2200241 a 4500 |
| 001 |
10353642 |
| 008 |
101013s1966 nyu 000 1 eng d |
| 010 |
|
|
|a 67015822
|
| 020 |
|
|
|a 1568497296
|
| 040 |
|
|
|a DLC
|c MNoW
|d DLC
|d BD-DhAAL
|
| 082 |
0 |
0 |
|a 823/.914
|
| 100 |
1 |
|
|a Rhys, Jean.
|
| 245 |
1 |
0 |
|a Wide Sargasso Sea /
|c Jean Rhys ; introduction by Francis Wyndham.
|
| 260 |
|
|
|a New York :
|b Norton ;
|b Buccaneer Books,
|c 1966.
|
| 300 |
|
|
|a 189 p. ;
|c 22 cm.
|
| 541 |
|
|
|e 00021316
|
| 650 |
|
0 |
|a West Indies, British
|x Fiction.
|
| 650 |
|
0 |
|a West Indies
|x Fiction.
|
| 852 |
4 |
|
|a Ayesha Abed Library
|j General shelf
|
| 942 |
0 |
0 |
|0 2
|
| 999 |
|
|
|c 9783
|d 9783
|
| 952 |
|
|
|0 0
|1 0
|2 ddc
|4 0
|6 823_914000000000000_RHY_1966
|7 0
|9 12458
|a BRACUL
|b BRACUL
|c GEN
|d 2010-10-13
|e Trim Education
|g 2850.00
|l 21
|m 118
|o 823.914 RHY
|p 3010021316
|r 2025-08-25
|s 2025-08-10
|t 1
|w 2010-10-13
|y BK
|
| 952 |
|
|
|0 0
|1 0
|2 ddc
|4 0
|6 823_914000000000000_RHY_1966
|7 0
|9 12459
|a BRACUL
|b BRACUL
|c GEN
|d 2010-10-13
|e Trim Education
|g 2850.00
|l 22
|m 132
|o 823.914 RHY
|p 3010021317
|q 2026-07-27
|r 2026-03-29
|s 2026-03-29
|t 2
|w 2010-10-13
|y BK
|